| 000 | 00447nam a2200121Ia 4500 | ||
|---|---|---|---|
| 008 | 220615s9999||||xx |||||||||||||| ||und|| | ||
| 100 | _aKrzysztof Biernat | ||
| 245 | 0 | _aBiofuels - Status and Perspective | |
| 546 | _aEnglish[eng] | ||
| 650 | _aEngineering||Physical Sciences||Engineering and Technology||Hydropower Engineering||Environmental Engineering | ||
| 856 | _uhttps://www.intechopen.com/books/biofuels-status-and-perspective | ||
| 942 | _cEB | ||
| 999 |
_c18259 _d18259 |
||